| 000 | 00590nam a22001817a 4500 | ||
|---|---|---|---|
| 005 | 20251108175249.0 | ||
| 008 | 250721s1992 xx 000 0 ara d | ||
| 082 | 1 | 4 | _a344.041/فضل |
| 100 | 1 | _aالفصل، منذر | |
| 245 | 1 | 0 | _aالتصرف القانوني في الأعضاء البشرية / |
| 264 | 1 |
_aعمان : _bمكتبة الثقافة للنشر والتوزيع، _c1992. |
|
| 300 | _a174ص. | ||
| 650 | 1 | 7 | _aالقانون |
| 650 | 1 | 7 | _aالقانون الطبي |
| 653 | _aقانون نقل الاعضاء البشرية | ||
| 942 |
_2ddc _cBK |
||
| 999 |
_c130036 _d130036 |
||